| 000 | 00686nam a2200205 u 4500 | ||
|---|---|---|---|
| 001 | 000232195 | ||
| 003 | AM-YeNLA | ||
| 005 | 20250618071555.0 | ||
| 008 | 030606s1946 ai r 000 0 arm d | ||
| 040 | _aAM-YeHGA | ||
| 041 | 0 | _aarm | |
| 100 | 1 | _aԲունիաթյան, Սմբատ | |
| 245 | 1 | 0 |
_aԱռակներ / _cՍ. Բունիաթյան; Խմբ.՝ Հ. Հայրապետյան. |
| 260 |
_aԵրևան : _bՀայպետհրատ, _c1946. |
||
| 300 |
_a36 էջ : _bնկ. ; _c20 սմ. |
||
| 650 | 1 | 4 |
_aՀայ գրականություն _xԱռակ |
| 700 | 1 |
_aՀայրապետյան, Հայրապետ Սարդարի, _d1874-1962 _eխմբ. _4edt _91697 |
|
| 942 |
_2udc _cBK |
||
| 090 | _c83173 | ||
| 999 |
_c81905 _d81905 |
||